000 00715nam a2200217 a 4500
001 BRCA_3866
005 20190320204444.0
008 181209s1849----mx-a######---#000-0#spa-#
041 _aspa
044 _amx
050 4 _aF1231.5
_b.A53 1849
100 1 _aAlamán, Lúcas
_d1792-1853.
_910068
245 1 0 _aHistoria de Méjico desde los primeros movimientos que prepararon su independencia en el año de 1808 hasta la época presente
_cLúcas Alamán.
260 _aMéjico
_bImp. de J.M. Lara
_c1849
300 _a5 v.
_bil. , retratos
_c22 cm.
500 _aC25
651 4 _aMéxico
_vHistoria
_xGuerra de Independencia 1810-1821
_910069
651 4 _aMéxico
_vHistoria
_99143
902 _aGFM
942 _2lcc
_cB
999 _c3594
_d3594